| 000 | 00704nam a2200253Ia 4500 | ||
|---|---|---|---|
| 003 | OSt | ||
| 005 | 20221005122943.0 | ||
| 006 | a|||||r|||| 00| 0 | ||
| 007 | ta | ||
| 008 | 221004b |||||||| |||| 00| 0 eng d | ||
| 024 | _a44059 | ||
| 037 | _cTextual | ||
| 040 |
_aCRL _cCRL _beng |
||
| 041 |
_2eng _aeng |
||
| 082 | _aO15:9x8:1, F1;K5 | ||
| 100 | _aMammata | ||
| 245 | 0 | _aKavya prakasha with the comm. Balabodhini of Vamancharya Ramabhatta Jhulakikar ed by Raghunath Damodar Karmakar | |
| 250 | _a7th | ||
| 260 | _c1921 | ||
| 650 | _a ENGLISH LITERATURE | ||
| 650 | _aSANSKRIT LITERATURE | ||
| 942 |
_hO15:9x8:1, F1;K5 _cTEXL _2cc |
||
| 999 |
_c1045886 _d1045886 |
||